| 000 | 01216nam0a2200301 4500 | ||
|---|---|---|---|
| 001 | RU\NLR\bibl\400785 | ||
| 005 | 20260407143659.0 | ||
| 010 | _a5-8130-0057-1 | ||
| 021 |
_aRU _b2003-11471 _9526 |
||
| 035 | _a(NLR Aleph) 000394959 | ||
| 090 |
_a539150 _c539150 |
||
| 100 | _a20030520d2002 |||y0rusy50 ca | ||
| 101 | 0 | _arus | |
| 102 | _aRU | ||
| 105 | _ay ||||||||| | ||
| 200 | 1 |
_aРекомендации по организации обслуживания ипотечных жилищных кредитов _fФонд "Ин-т экономики города" _g[Рогожкина Н.Н.] |
|
| 210 |
_aМ. _cФонд "Ин-т экономики города" _d2002 |
||
| 215 |
_a43 с. _d21 |
||
| 225 | 1 | _aСерия "Жилищное финансирование" | |
| 606 | 0 |
_aИпотечный кредит _yРоссийская Федерация _92085578 _3RU\NLR\auth\661261697 |
|
| 686 | _aУ26(2)224.5 | ||
| 702 | 1 |
_aРогожкина _bН. Н. _4220 |
|
| 712 | 0 | 2 |
_4570 _a"Институт экономики города", фонд _cМосква _3RU\NLR\AUTH\8810016130 _9530104 |
| 801 | 0 |
_aRU _bNLR _c20030520 _gPSBO |
|
| 801 | 1 |
_aRU _bNLR _c20030520 |
|
| 942 | _cBOOK | ||
| 980 | _aNB | ||